|
|
|
|
| LEADER |
00000naa2a2200000 4500 |
| 001 |
137952 |
| 005 |
20251204110057.0 |
| 035 |
|
|
|a (RuTPU)RU\TPU\book\149488
|
| 090 |
|
|
|a 137952
|
| 100 |
|
|
|a 20080519d2005 k y0rusy50 ca
|
| 101 |
0 |
|
|a rus
|
| 102 |
|
|
|a RU
|
| 200 |
1 |
|
|a Оценка понимания содержания учебного текста как одна из проблем качества образования
|f А. П. Кочнева
|
| 461 |
|
1 |
|0 (RuTPU)RU\TPU\book\118979
|t Прогрессивные технологии и экономика в машиностроении
|o труды III Всероссийской научно-практической конференции, 19-21 мая 2005 года, Юрга
|o в 2 т.
|f Томский политехнический университет ; под ред. О. Ю. Ретюнского
|d 2005
|
| 463 |
|
0 |
|0 (RuTPU)RU\TPU\book\118379
|t Т. 2
|v С. 202-203
|d 2005
|
| 610 |
1 |
|
|a тексты
|
| 610 |
1 |
|
|a учебные тексты
|
| 610 |
1 |
|
|a оценка
|
| 610 |
1 |
|
|a образование
|
| 610 |
1 |
|
|a качество
|
| 610 |
1 |
|
|a теория речевой деятельности
|
| 610 |
1 |
|
|a содержание
|
| 610 |
1 |
|
|a понимание
|
| 610 |
1 |
|
|a труды учёных ТПУ
|
| 700 |
|
1 |
|a Кочнева
|b А. П.
|c российский учёный в области иностранных языков
|c ассистент Юргинского технологического института(филиал) Томского политехнического университета
|g Анна Павловна
|3 (RuTPU)RU\TPU\pers\24753
|
| 801 |
|
1 |
|a RU
|b 63413507
|c 20080519
|g PSBO
|
| 801 |
|
2 |
|a RU
|b 63413507
|c 20130710
|g RCR
|
| 942 |
|
|
|c BK
|